Countries of Europe by Name in Official Language Quiz Stats

 Plays Quiz Updated Jul 14, 2016

Challenge
Share
Tweet
Embed
Score 0/47 Timer 06:00
22 Plays Today
Name in Official Language Name in English % Correct
FranceFrance
95.2%
ItaliaItaly
95.1%
DanmarkDenmark
95.1%
United KingdomUnited Kingdom
95%
TürkiyeTurkey
95%
EspañaSpain
94.9%
PortugalPortugal
94.9%
RomâniaRomania
94.9%
PolskaPoland
94.7%
België/Belgique/BelgienBelgium
94.6%
NederlandNetherlands
94.5%
MonacoMonaco
94.5%
MaltaMalta
94.4%
LatvijaLatvia
94.2%
SlovenijaSlovenia
93.8%
DeutschlandGermany
93.7%
Schweiz/Suisse/Svizzera/SvizraSwitzerland
93.7%
AndorraAndorra
93.5%
Città del VaticanoVatican City
93.5%
NorgeNorway
93.5%
San MarinoSan Marino
93.4%
Suomi/FinlandFinland
93%
MoldovaMoldova
93%
Lëtzebuerg/Luxembourg/LuxemburgLuxembourg
92.7%
Name in Official Language Name in English % Correct
LiechtensteinLiechtenstein
91.9%
Kosova/КосовоKosovo
91.6%
Ireland/ÉireIreland
90.9%
Македонија/MaqedoniMacedonia
89.2%
ČeskoCzechia
88.5%
SlovenskoSlovakia
87.5%
Bosna i Hercegovina/Босна и ХерцеговинаBosnia and Herzegovina
85.7%
ÍslandIceland
85%
LietuvaLithuania
83.9%
ÖsterreichAustria
82.5%
SverigeSweden
80.7%
РоссияRussia
76.7%
EestiEstonia
75.1%
Κύπρος/KıbrısCyprus
73.2%
ΕλλάδαGreece
72.6%
СрбијаSerbia
66.9%
УкраïнаUkraine
65.3%
БеларусьBelarus
62.5%
MagyarországHungary
61.7%
БългарияBulgaria
55.2%
HrvatskaCroatia
52.2%
Shqipëri/ShqipëriaAlbania
44.9%
Crna GoraMontenegro
42.9%

You're not logged in!

Compare scores with friends on all Sporcle quizzes.
OR
Log In

You Might Also Like...

Show Comments

Extras

Top Quizzes Today


Score Distribution

Your Account Isn't Verified!

In order to create a playlist on Sporcle, you need to verify the email address you used during registration. Go to your Sporcle Settings to finish the process.

Report this User

Report this user for behavior that violates our Community Guidelines.

Details: